Collected Essays/ (Record no. 211580)

MARC details
000 -LEADER
fixed length control field 00520nam a22001817a 4500
005 - DATE AND TIME OF LATEST TRANSACTION
control field 20250604142857.0
010 ## - LCCN (DPL NO)
LC control number ENG-145195
020 ## - INTERNATIONAL STANDARD BOOK NUMBER
International Standard Book Number 9789390951949
Terms of availability 350.00
035 ## - SYSTEM CONTROL NUMBER
System control number EN-128727
037 ## - SOURCE OF ACQUISITION
Source of stock number/acquisition DBAD
082 ## - DEWEY DECIMAL CLASSIFICATION NUMBER
Classification number 804
100 ## - MAIN ENTRY--PERSONAL NAME
Personal name Ghosh, Sukhamoy
245 ## - TITLE STATEMENT
Title Collected Essays/
Statement of responsibility, etc Sukhamoy Ghosh
260 ## - PUBLICATION, DISTRIBUTION, ETC. (IMPRINT)
Place of publication, distribution, etc New Delhi
Name of publisher, distributor, etc Allied Publishers Pvt Ltd.
Date of publication, distribution, etc 2023
270 ## - ADDRESS
Address A-104, Mayapuri, Phase-II
City New Delhi
Postal code 110064
300 ## - PHYSICAL DESCRIPTION
Extent vi, 120p.
Dimensions 24cm.(hb)
942 ## - ADDED ENTRY ELEMENTS (KOHA)
Source of classification or shelving scheme Dewey Decimal Classification
Item type English Books
Classification part 804
Call number suffix GHO
Holdings
Withdrawn status Lost status Not for loan Collection code Home library Current library Date acquired Source of acquisition Cost, normal purchase price Full call number Barcode Copy number Cost, replacement price Koha item type
      Non-fiction RC3 Shakur Pur RC3 Shakur Pur 04/06/2025 Delivery of Books Act Division 350.00 804 GHO EN-128727 1 350.00 English Books

© Delhi Public Library
Hit Counter
free hit counter